00611nam a2200157Ia 4500008004100000100002000041245009600061245005400157260005300211260001300264300000800277650001500285856006100300999001900361952007300380170221s9999 xx 000 0 und d aHalil Sadrettin aMedia Systems, Politics and Press Freedom: Perspectives on Contemporary Russia and Nigeria  cHalil Sadrettin, Pelin Bayram, Lawrence Emeagwali bInternational Review of Management and Marketing cMay 2013 a2:2 xMarketing. uhttp://www.econjournals.com/index.php/irmm/issue/view/82 c310268d310268 001040aCLbCLd2017-02-21l0r2017-02-21 00:00:00w2017-02-21yFOJ